EA FC24 All Season Rewards - Statistics

General Stats
  • This quiz has been taken 10 times
  • The average score is 6 of 7
Answer Stats
Rate Club Nation Answer % Correct
87 Atletico Belgium Axel Witsel
90%
87 Gladbach France Kouadio Kone
90%
87 Roma Netherlands Rick Karsdorp
90%
87 Fulham Nigeria Alex Iwobi
80%
87 Wolves Brazil Matheus Cunha
80%
87 Girona Uruguay Christhian Stuani
60%
87 Nice Ivory Coast Jeremie Boga
60%
No matching quizzes found
Score Distribution
Percent of People with Each Score
Percentile by Number Answered
Your Score History
You have not taken this quiz